| 000 | 00441nam a2200169Ia 4500 | ||
|---|---|---|---|
| 008 | 230917s9999||||xx |||||||||||||| ||und|| | ||
| 020 | _cRS140 | ||
| 040 |
_e228814 _aMAIN |
||
| 041 | _aEnglish | ||
| 082 | _a658.152 G959I | ||
| 100 | _aGupta, Shashi K | ||
| 245 | 0 | _aInvestment management | |
| 260 |
_aLudhiana _bKalyani Publishers _c2015 |
||
| 300 | _av. p. | ||
| 500 | _a2159 12/10/2015 HBD15/1001 17/11/2015 Main Budget | ||
| 942 | _cBK | ||
| 999 |
_c16430 _d16430 |
||